000 00327nam a22001457a 4500
003 OSt
005 20221201145124.0
008 221201b |||||||| |||| 00| 0 eng d
020 _a139780131364196
040 _cHU
082 _213th
_a160.
100 _aCopi.M
_937321
245 _aIntroduction Logic
942 _2ddc
_cBOOKS
_n0
999 _c35747
_d35747